| 000 | 02110nam a2200337Ia 4500 | ||
|---|---|---|---|
| 003 | CO-CtgCURN | ||
| 005 | 20250329173537.0 | ||
| 008 | 200803s2016 xx f 000 0 spa d | ||
| 020 | _a9788416356300 | ||
| 040 |
_aCO-CtgCURN _bspa _ccoctgcurn |
||
| 082 |
_a610.73 _bM534c |
||
| 100 |
_aMena Tudela, Desirée _eautora _94676 |
||
| 245 | 0 |
_aCuidados básicos de enfermería _h[electronic resource] / _cDesirée Mena Tudela ; Víctor Manuel González Chordá ; Águeda Cervera Gasch ; Pablo Salas Medina ; María Isabel Orts Cortés |
|
| 260 |
_aEspaña : _bUniversitat Jaume, _c2016 |
||
| 300 |
_arecurso en línea (196 páginas) : _bilustraciones (color) |
||
| 336 |
_atexto _btxt |
||
| 337 |
_acomputador _bc |
||
| 338 |
_arecurso en línea _bcr |
||
| 490 |
_aSapientia, _v108 |
||
| 504 | _aIncluye referencias bibliográficas | ||
| 505 | _a1. Atención especializada y profesión de Enfermería -- 2. Las etapas del proceso de cuidar -- 3. Los cuidados básicos: definiciones -- 4. Cuidados básicos basados en la evidencia -- 5. Cuidados básicos en la alimentación -- 6. Cuidados básicos en la movilidad -- 7. Cuidados básicos en el sueño y descanso -- 8. Cuidados básicos en la eliminación. -- 9. Cuidados básicos en la higiene -- 10. Cuidados básicos en la comunicación -- 11. Cuidados básicos en el confort y la seguridad. -- 12. Cuidados básicos en la hemodinámica -- 13. Cuidados básicos del dolor: valoración y tratamiento -- 14. Cuidados básicos de los catéteres intravenosos -- 15. Cuidados básicos perioperatorios | ||
| 590 | _aPrograma de Enfemería_27 | ||
| 650 |
_aEnfermería _94677 |
||
| 700 |
_aCervera Gasch, Águeda _eautora _94678 |
||
| 700 |
_aGonzález Chordá, Víctor Manuel _eautor _94679 |
||
| 700 |
_aOrts Cortés, María Isabel _eautora _94680 |
||
| 700 |
_aSalas Medina, Pablo _eautor _94681 |
||
| 856 |
_uhttps://unicurn.sharepoint.com/:b:/s/biblioteca/EeSM-nUA9ZZEvumc_WkIL6gBeiHaAzWn5Tk3O_AMzX97sw?e=Us76Gy _zVea este libro electrónico |
||
| 942 |
_cCF _h610.73 _iM534c _2ddc |
||
| 999 |
_c7801 _d7801 |
||